| 000 | 00634nam a2200241Ia 4500 | ||
|---|---|---|---|
| 003 | OSt | ||
| 005 | 20220918231056.0 | ||
| 006 | a|||||r|||| 00| 0 | ||
| 007 | ta | ||
| 008 | 220917b |||||||| |||| 00| 0 eng d | ||
| 024 | _a262,963 | ||
| 037 | _cTextual | ||
| 040 |
_aARTS _cARTS _beng |
||
| 041 |
_2eng _aeng |
||
| 082 | _aNA216, M2 | ||
| 100 |
_aSitapati P. _911031 |
||
| 245 | 0 | _aSri ahobila narasimha swamy temple | |
| 260 |
_aHyderabad _bThe Director Archaeology & Museums India _c1982 |
||
| 300 |
_a44p. _ccm. |
||
| 650 | _aARTS | ||
| 942 |
_hNA216, M2 _cTEXL _2CC |
||
| 999 |
_c289779 _d289779 |
||